000 00686nam a22001937a 4500
999 _c167273
_d167273
005 20220221170003.0
010 _aENG-126312
020 _c795.00
_a978-93-86365-00-2
035 _aEN-109844
037 _bDBAD/PUB
082 _a305.23082
100 _aAnand,Aakanksha
245 _aBeti Bachao Beti Padhao :
_bVision of Narendra Modi/
_cby Aakanksha Anand
260 _aNew Delhi
_bShri Sai Printographers
_c2017
270 _bNew Delhi
_a102, 4787/23, Ansari Road, Darya Ganj,
_e110002
_k011-23246222, 09312220441
_mshrisaiprintographers@gmail.com
300 _a272p.
_c22cm(hb)
500 _aIncludes index and bibliography.
942 _2ddc
_cEN
_h305.23082
_mANA